000 00302nam a22001337a 4500
008 170721b xxu||||| |||| 00| 0 eng d
020 _a3446135456
041 _aeng
080 _a004
100 _a28
101 _aSHKI
245 _aMIKROPROZESSOR SOFTWARE-LABOR
_cMUHLBACHER, J.M
942 _2udc
_cBK
999 _c21752
_d21752